000 00859nam a2200241Ia 4500
005 20250108125017.0
008 008 250107s9999 xx 000 0 hin d
020 _a978-81-7650-626-7
037 _aTB
040 _aCRL
_bhin
_cCRL
041 _asah
_2hin
084 _aO168,6x R3
084 _qCRL
100 _aअवलोकितेश्वर, संपा.
245 0 _aश्री रामचरितमानस सुन्दरकाण्ड
_cअवलोकितेश्वर, संपा.
260 _aबिहार, भारत
_bयोग पब्लिकेशन्स ट्रस्ट
_c2987
300 _a203पृ0
365 _aINR
_b400
546 _aTranslate from Sanskrit to Hindi
650 _aरामचरित मानस
942 _cTB
_hO168,6x R3
999 _c1235375
_d1235375